| 000 | 00674 a2200193 4500 | ||
|---|---|---|---|
| 020 | _a0071126864 | ||
| 020 | _a9780071126861 | ||
| 090 |
_c3329 _d3329 |
||
| 100 | 1 | _aLucas, Henry C. | |
| 245 | 1 | 0 |
_aAnalysis, design and implementation of information systems / _cHenry C. Lucas. |
| 250 | _a4Rev Ed ed. | ||
| 260 |
_a[S.l.] : _bMcGraw-Hill Education (ISE Editions), _c1992. |
||
| 300 | _a576 p. | ||
| 500 | _aImport. | ||
| 500 | _aPaperback. | ||
| 856 | 4 | 0 |
_3Amazon.com _uhttp://www.amazon.com/exec/obidos/ASIN/0071126864/chopaconline-20 |
| 856 | 4 | 0 |
_3Amazon customer reviews _uhttp://www.chopac.org/cgi-bin/tools/azrev.pl?q=0071126864 |
| 942 |
_aNBS _cBK _k658.4038011 LUC |
||
| 999 |
_c345813 _d345813 |
||